Detalles MARC
| 000 -LEADER |
| fixed length control field |
01892nam a2200445Ii 4500 |
| 001 - CONTROL NUMBER |
| control field |
DIGFUNB0042 |
| 003 - CONTROL NUMBER IDENTIFIER |
| control field |
NyNyDIG |
| 008 - FIXED-LENGTH DATA ELEMENTS--GENERAL INFORMATION |
| fixed length control field |
140701t20112011sp a ob 000 1 spa d |
| 006 - FIXED-LENGTH DATA ELEMENTS--ADDITIONAL MATERIAL CHARACTERISTICS |
| fixed length control field |
m o d |
| 007 - PHYSICAL DESCRIPTION FIXED FIELD--GENERAL INFORMATION |
| fixed length control field |
cr ||||||||||| |
| 020 ## - INTERNATIONAL STANDARD BOOK NUMBER |
| Canceled/invalid ISBN |
9788496601703 |
| 020 ## - INTERNATIONAL STANDARD BOOK NUMBER |
| Canceled/invalid ISBN |
8496601706 |
| 035 ## - SYSTEM CONTROL NUMBER |
| System control number |
(OCoLC)891306004 |
| 041 1# - LANGUAGE CODE |
| Language code of text/sound track or separate title |
spa |
| Language code of original |
fre |
| 040 ## - CATALOGING SOURCE |
| Original cataloging agency |
DGITA |
| Language of cataloging |
eng |
| Description conventions |
rda |
| -- |
pn |
| Transcribing agency |
DGITA |
| 050 14 - LIBRARY OF CONGRESS CALL NUMBER |
| Classification number |
PQ2392.S65 eBook |
| 100 1# - MAIN ENTRY--PERSONAL NAME |
| Personal name |
Pipelet, |
| Titles and words associated with a name |
citoyenne, |
| Dates associated with a name |
1767-1845, |
| Relator term |
author. |
| 240 10 - UNIFORM TITLE |
| Uniform title |
Vint-quatre heures d'une femme sensible. |
| Language of a work |
Spanish |
| 245 10 - TITLE STATEMENT |
| Title |
Veinticuatro horas en la vida de una mujer sensible / |
| Statement of responsibility, etc. |
Constance de Salm ; traducción de Isabel Lacruz ; postfacio de Laura Freixas. |
| 250 ## - EDITION STATEMENT |
| Edition statement |
Segunda edición. |
| 264 #1 - PRODUCTION, PUBLICATION, DISTRIBUTION, MANUFACTURE, AND COPYRIGHT NOTICE |
| Place of production, publication, distribution, manufacture |
Madrid : |
| Name of producer, publisher, distributor, manufacturer |
Editorial Funambulista, |
| Date of production, publication, distribution, manufacture, or copyright notice |
octubre de 2011. |
| 264 #4 - PRODUCTION, PUBLICATION, DISTRIBUTION, MANUFACTURE, AND COPYRIGHT NOTICE |
| Date of production, publication, distribution, manufacture, or copyright notice |
©2011 |
| 300 ## - PHYSICAL DESCRIPTION |
| Extent |
1 online resource (163 pages). |
| 336 ## - CONTENT TYPE |
| Content type term |
text |
| Content type code |
txt |
| Source |
rdacontent |
| 337 ## - MEDIA TYPE |
| Media type term |
computer |
| Media type code |
c |
| Source |
rdamedia |
| 338 ## - CARRIER TYPE |
| Carrier type term |
online resource |
| Carrier type code |
cr |
| Source |
rdacarrier |
| 490 1# - SERIES STATEMENT |
| Series statement |
Los intempestivos |
| 500 ## - GENERAL NOTE |
| General note |
Originally published under the title: Vingt-quatre heures d'une femme sensible, ou Une grande leçon par la princesse Constance de S.. Paris : A. Bertrand, 1824. |
| 588 0# - SOURCE OF DESCRIPTION NOTE |
| Source of description note |
Online resource; title from ePub and PDF title page (Digitalia, viewed July 5, 2014) |
| 655 #0 - INDEX TERM--GENRE/FORM |
| Genre/form data or focus term |
Electronic books. |
| 700 1# - ADDED ENTRY--PERSONAL NAME |
| Personal name |
Lacruz Bassols, Isabel, |
| Relator term |
translator. |
| 700 1# - ADDED ENTRY--PERSONAL NAME |
| Personal name |
Freixas, Laura, |
| Dates associated with a name |
1958- |
| Relator term |
author of afterword, colophon, etc. |
| 791 2# - |
| -- |
Digitalia (Firm), |
| -- |
distributor. |
| 793 0# - |
| -- |
Digitalia eBook Collection: |
| -- |
Editorial Funambulista. |
| 776 08 - ADDITIONAL PHYSICAL FORM ENTRY |
| Relationship information |
Print version: |
| Main entry heading |
Pipelet, |
| Qualifying information |
citoyenne. |
| Title |
Veinticuatro horas en la vida de una mujer sensible. |
| Place, publisher, and date of publication |
Madrid : Funambulista, 2011 |
| International Standard Book Number |
9788496601703 |
| 830 #0 - SERIES ADDED ENTRY--UNIFORM TITLE |
| Uniform title |
Intempestivos. |
| 856 40 - ELECTRONIC LOCATION AND ACCESS |
| Materials specified |
Digitalia Hispánica |
| Uniform Resource Identifier |
<a href="https://www.digitaliapublishing.com/a/20899/">https://www.digitaliapublishing.com/a/20899/</a> |
| 910 ## - USER-OPTION DATA (OCLC) |
| User-option data |
Premium Collection: 2013 |
| 942 ## - ADDED ENTRY ELEMENTS (KOHA) |
| Koha item type |
Recurso Electrónico |